000 00382nam a2200133Ia 4500
005 20260326235503.0
008 260326s9999||||xx |||||||||||||| ||und||
100 _aFayet, Carlos M
245 0 _aArquitetura Brasileira apos Brasilia / depoimentos /
_cCarlos M Fayet
260 _bInstituto de Arquitetos do Brasil
300 _a356 p.
650 _aARQUITECTURA REGIONAL
942 _cBK
999 _c8109
_d8109